[Event "Ruhrgebiet Verbandsliga Gruppe 2 1718"]
[Site "Germany"]
[Date "2017.10.08"]
[Round "2.5"]
[White "Kuipers, Dustin"]
[Black "Warmbier, Robert"]
[Result "1-0"]
[WhiteElo "1997"]
[BlackElo "1867"]
[PlyCount "59"]
[EventDate "2017.09.17"]
[EventType "team-tourn"]
[EventRounds "9"]
[EventCountry "GER"]
[SourceTitle "EXT 2022"]
[Source "ChessBase"]
[SourceDate "2021.10.06"]
[SourceVersion "1"]
[SourceVersionDate "2021.10.06"]
[SourceQuality "1"]
[WhiteTeam "Muelheim Nord III"]
[BlackTeam "Holsterhausen SK"]
[WhiteTeamCountry "GER"]
[BlackTeamCountry "GER"]

1. Nf3 c5 2. c4 g6 3. e3 Bg7 4. d4 cxd4 5. exd4 d6 6. Nc3 Nc6 7. Be3 Nf6 8. d5 Ne5 9. Nxe5 dxe5 10. Be2 0-0 11. 0-0 Nd7 12. Qd2 f5 13. f3 Nf6 14. Rfd1 Bd7 15. c5 Kh8 16. Qc2 Qe8 17. b4 e6 18. dxe6 Bxe6 19. Rd6 Qf7 20. Rad1 Rfc8 21. R6d2 Bf8 22. Qb2 a5 23. Nb5 axb4 24. Qxe5 Kg7 25. Nd6 Bxd6 26. Rxd6 Re8 27. Bb5 Bd7 28. Bh6+ Kxh6 29. Qf4+ g5 30. Qd4 1-0

[Event "Ruhrgebiet Verbandsliga Gruppe 1 1516"]
[Site "Germany"]
[Date "2015.11.29"]
[Round "4.6"]
[White "Warmbier, Robert"]
[Black "Krueger, Simon"]
[Result "1/2-1/2"]
[WhiteElo "1874"]
[BlackElo "1951"]
[PlyCount "152"]
[EventDate "2015.09.06"]
[EventType "team-tourn"]
[EventRounds "9"]
[EventCountry "GER"]
[SourceTitle "EXT 2022"]
[Source "ChessBase"]
[SourceDate "2021.10.06"]
[SourceVersion "1"]
[SourceVersionDate "2021.10.06"]
[SourceQuality "1"]
[WhiteTeam "Holsterhausen SK"]
[BlackTeam "Dortmund Hansa III"]
[WhiteTeamCountry "GER"]
[BlackTeamCountry "GER"]

1. e4 c5 2. b3 e6 3. Bb2 d5 4. Bb5+ Bd7 5. Bxd7+ Nxd7 6. exd5 exd5 7. Qe2+ Qe7 8. Qxe7+ Nxe7 9. Nf3 d4 10. Na3 Nd5 11. 0-0-0 f6 12. Rde1+ Kf7 13. g3 a6 14. c3 Rc8 15. Nc2 d3 16. Ne3 N7b6 17. c4 Nb4 18. Kb1 Rg8 19. a3 Nc6 20. Ng2 g5 21. Re3 g4 22. Nfe1 Bh6 23. Nf4 Bxf4 24. gxf4 Rcd8 25. Nxd3 Nd7 26. h3 gxh3 27. Rexh3 Nf8 28. Nxc5 Rxd2 29. Ne4 Re2 30. Nxf6 Rg2 31. Nxh7 Rgxf2 32. Ng5+ Ke8 33. Bc3 Rxf4 34. Re1 Rxe1+ 35. Bxe1 b5 36. Re3+ Kd7 37. cxb5 axb5 38. Rd3+ Kc8 39. Kc2 Kb7 40. Bd2 Rg4 41. Nf7 Nd4+ 42. Kc3 Ne2+ 43. Kb2 Rd4 44. Rxd4 Nxd4 45. Be3 Nf5 46. Bf2 Ne6 47. Kc3 Nf4 48. Ne5 Nd5+ 49. Kd3 Nf6 50. Bc5 Kc7 51. Nf3 Nd7 52. Bf2 Kb7 53. Ke4 Ne7 54. Bg1 Ka6 55. Ne1 Nc6 56. Kd3 Nf6 57. Bh2 Nd5 58. Nc2 Na5 59. Kd4 Nf6 60. Kc3 Nd5+ 61. Kd4 Nf6 62. Kc3 Nd5+ 63. Kb2 Nc6 64. Bd6 Kb6 65. Bg3 Ka5 66. Ne1 Nd4 67. Nd3 Ne6 68. Bh4 Kb6 69. Bf2+ Kc6 70. Ne5+ Kd6 71. Bg3 Kc5 72. b4+ Nxb4 73. Nd7+ Kc6 74. Nb8+ Kc5 75. Bf2+ Kc4 76. axb4 Kxb4 1/2-1/2

[Event "Ruhrgebiet Verbandsliga Gruppe 1 1516"]
[Site "Germany"]
[Date "2015.09.27"]
[Round "2.4"]
[White "Warmbier, Robert"]
[Black "Wittmann, Rainer"]
[Result "1/2-1/2"]
[WhiteElo "1874"]
[BlackElo "1980"]
[PlyCount "25"]
[EventDate "2015.09.06"]
[EventType "team-tourn"]
[EventRounds "9"]
[EventCountry "GER"]
[SourceTitle "EXT 2022"]
[Source "ChessBase"]
[SourceDate "2021.10.06"]
[SourceVersion "1"]
[SourceVersionDate "2021.10.06"]
[SourceQuality "1"]
[WhiteTeam "Holsterhausen SK"]
[BlackTeam "Dortmund SV"]
[WhiteTeamCountry "GER"]
[BlackTeamCountry "GER"]

1. e4 c5 2. b3 Nc6 3. Bb2 d6 4. Nf3 Nf6 5. e5 dxe5 6. Nxe5 Nxe5 7. Bxe5 Qd5 8. Bb2 a6 9. Nc3 Qd6 10. Be2 Bd7 11. Bf3 Bc6 12. Qe2 e6 13. Ne4 1/2-1/2

[Event "Ruhrgebiet Regionalliga 1415"]
[Site "Germany"]
[Date "2015.01.25"]
[Round "5.8"]
[White "Warmbier, Robert"]
[Black "Wolf, Ulrich"]
[Result "0-1"]
[WhiteElo "1897"]
[BlackElo "2027"]
[PlyCount "134"]
[EventDate "2014.09.28"]
[EventType "team-tourn"]
[EventRounds "9"]
[EventCountry "GER"]
[SourceTitle "EXT 2022"]
[Source "ChessBase"]
[SourceDate "2021.10.06"]
[SourceVersion "1"]
[SourceVersionDate "2021.10.06"]
[SourceQuality "1"]
[WhiteTeam "Holsterhausen SK"]
[BlackTeam "Wattenscheid SV II"]
[WhiteTeamCountry "GER"]
[BlackTeamCountry "GER"]

1. e4 c5 2. Nf3 e6 3. b3 d6 4. Bb2 Nf6 5. e5 dxe5 6. Nxe5 a6 7. Be2 Qc7 8. Bf3 Be7 9. g3 Nbd7 10. Qe2 0-0 11. 0-0 Rd8 12. d3 Bd6 13. Nc4 Bf8 14. Nbd2 Nd5 15. Ne3 N7f6 16. Ndc4 b5 17. Be5 Qa7 18. Na5 Qb6 19. c4 Qxa5 20. Bxf6 gxf6 21. cxd5 Ra7 22. Ng4 Bg7 23. Rac1 Rc7 24. Rc2 Qb6 25. Rfc1 Qd6 26. d4 exd5 27. dxc5 Qe6 28. Qd2 Qf5 29. Be2 Qg6 30. Ne3 d4 31. Ng2 Bh6 32. Nf4 Qe4 33. Bd3 Qc6 34. Re1 f5 35. Bf1 Qf6 36. Bg2 Bb7 37. Bxb7 Rxb7 38. c6 Rc7 39. Nh5 Qg6 40. Nf4 Qd6 41. Rd1 Rxc6 42. Rxc6 Qxc6 43. Qa5 Rd6 44. Nd3 Qc2 45. Qe1 Re6 46. Qf1 Qxa2 47. Nc5 Rc6 48. b4 Qd5 49. Qe1 Bf8 50. Qe8 Rd6 51. Qe2 Qc4 52. Nd3 Re6 53. Qf3 Bxb4 54. Rc1 Bc3 55. Qxf5 Qc6 56. Nf4 Rg6 57. Nxg6 hxg6 58. Qe5 Qe6 59. Qf4 b4 60. Qb8+ Kg7 61. Rb1 d3 62. Qd8 d2 63. Qd3 a5 64. Kg2 a4 65. h4 a3 66. h5 a2 67. h6+ Kh7 0-1

[Event "Ruhrgebiet VK2 1213"]
[Site "Nordrheinwestfalen"]
[Date "2013.02.03"]
[Round "6.5"]
[White "Jeschke, Holger"]
[Black "Warmbier, Robert"]
[Result "1-0"]
[WhiteElo "1841"]
[BlackElo "1820"]
[PlyCount "95"]
[EventDate "2012.09.02"]
[EventType "team-tourn"]
[EventRounds "9"]
[EventCountry "GER"]
[SourceTitle "EXT 2020"]
[Source "ChessBase"]
[SourceDate "2019.10.17"]
[SourceVersion "1"]
[SourceVersionDate "2019.10.17"]
[SourceQuality "1"]
[WhiteTeam "Annen Sport Union"]
[BlackTeam "Holsterhausen SK II"]
[WhiteTeamCountry "GER"]
[BlackTeamCountry "GER"]

1. b4 e5 2. Bb2 d6 3. e3 Nf6 4. Nf3 Be7 5. c4 0-0 6. Nc3 a5 7. a3 axb4 8. axb4 Rxa1 9. Bxa1 h6 10. Be2 Bf5 11. d3 Na6 12. e4 Bh7 13. Qb3 Kh8 14. 0-0 Nd7 15. Nd5 f5 16. exf5 Bxf5 17. Ne3 Be6 18. d4 exd4 19. Nxd4 Bg8 20. Nef5 Bf6 21. Qh3 c5 22. Nxh6 gxh6 23. Qxh6+ Bh7 24. Ne6 Bxa1 25. Nxd8 Bg7 26. Qxd6 Rxd8 27. b5 Be5 28. Qe7 Bf6 29. Qf7 Nab8 30. Rd1 Rf8 31. Qe6 Bd4 32. Bf3 Ne5 33. Qd6 Nbd7 34. Rxd4 cxd4 35. Qxd4 Bg6 36. Bxb7 Kh7 37. Qh4+ Kg7 38. Bd5 Nf6 39. Qd4 Neg4 40. f3 Nh6 41. g4 Kh7 42. Bc6 Nfg8 43. b6 Ne7 44. Qd7 Nhg8 45. b7 Be8 46. Be4+ Bg6 47. Bxg6+ Kxg6 48. Qd6+ 1-0

[Event "Ruhrgebiet VK2 1213"]
[Site "Nordrheinwestfalen"]
[Date "2012.09.30"]
[Round "2.6"]
[White "Helmert, Jochen"]
[Black "Warmbier, Robert"]
[Result "1/2-1/2"]
[WhiteElo "1900"]
[BlackElo "1820"]
[PlyCount "63"]
[EventDate "2012.09.02"]
[EventType "team-tourn"]
[EventRounds "9"]
[EventCountry "GER"]
[SourceTitle "EXT 2020"]
[Source "ChessBase"]
[SourceDate "2019.10.17"]
[SourceVersion "1"]
[SourceVersionDate "2019.10.17"]
[SourceQuality "1"]
[WhiteTeam "Boenen SV"]
[BlackTeam "Holsterhausen SK II"]
[WhiteTeamCountry "GER"]
[BlackTeamCountry "GER"]

1. e4 c5 2. Nf3 e6 3. d4 cxd4 4. Nxd4 a6 5. Be2 Qc7 6. 0-0 Nc6 7. Nb3 Nf6 8. Nc3 Be7 9. f4 d6 10. Bf3 0-0 11. g4 Rd8 12. g5 Nd7 13. Qe2 b5 14. a3 Nc5 15. Bg2 Nxb3 16. cxb3 Bb7 17. Be3 d5 18. exd5 exd5 19. Nxd5 Nd4 20. Nxc7 Nxe2+ 21. Kf2 Bxg2 22. Kxg2 Rac8 23. Rae1 Rxc7 24. Rxe2 Bc5 25. Rc1 Bd6 26. Rxc7 Bxc7 27. Rd2 Rxd2+ 28. Bxd2 Kf8 29. Bb4+ Ke8 30. Kf3 Kd7 31. h4 g6 32. Ke4 1/2-1/2